|
|
|
|
| LEADER |
01098ppm a22002538a 4500 |
| 001 |
00041070 |
| 005 |
20180316090349.0 |
| 008 |
121122s2009 ||||||viesd |
| 041 |
0 |
# |
|a vie
|
| 082 |
1 |
4 |
|a 895.922 100 9
|b Đ113Đ
|
| 100 |
1 |
# |
|a Tôn, Thị Mai Thanh
|
| 245 |
0 |
0 |
|a Đặc điểm Nam bộ trong phong cách nghệ thuật Nguyễn Đình Chiểu
|b Luận văn thạc sĩ Ngữ Văn . Chuyên ngành: Lý luận văn học . Mã số: 60.22.32
|c Tôn Thị Mai Thanh ; Biện Minh Điền (hướng dẫn)
|
| 260 |
# |
# |
|a Nghệ An
|b Đại học Vinh
|c 2008
|
| 300 |
# |
# |
|c 30 cm
|a 140 tr.
|e 1 bản tóm tắt
|
| 500 |
# |
# |
|a ĐTTS ghi: Bộ giáo dục và đào tạo. Đại học Vinh
|
| 653 |
# |
# |
|a Luận văn
|
| 653 |
# |
# |
|a Văn học Việt Nam
|
| 653 |
# |
# |
|a Phong cách
|
| 653 |
# |
# |
|a Nam bộ
|
| 653 |
# |
# |
|a Nghệ thuật
|
| 700 |
1 |
# |
|a Biện, Minh Điền
|e Hướng dẫn
|
| 852 |
# |
# |
|j LV.0001819
|
| 910 |
|
|
|d 16/03/2018
|
| 980 |
# |
# |
|a Trung tâm Học liệu Lê Vũ Hùng, Trường Đại học Đồng Tháp
|